[Event "Schilcherland op 1st"]
[Site "Deutschlandsberg"]
[Date "2018.01.01"]
[Round "4"]
[White "Schnider, Gert"]
[Black "Danner, Georg"]
[Result "1/2-1/2"]
[WhiteElo "2426"]
[BlackElo "2291"]
[PlyCount "61"]
[EventDate "2017.12.29"]
[EventType "swiss"]
[EventRounds "9"]
[EventCountry "AUT"]
[SourceTitle "CBM 182 Extra"]
[Source "ChessBase"]
[SourceDate "2018.02.23"]
[SourceVersion "1"]
[SourceVersionDate "2018.02.23"]
[SourceQuality "1"]

1. e4 c5 2. Nf3 g6 3. d4 Bg7 4. dxc5 Qc7 5. c3 Nf6 6. Bd3 Qxc5 7. 0-0 d6 8. Be3 Qc7 9. Na3 a6 10. h3 Nbd7 11. Re1 0-0 12. Bf4 e5 13. Bg5 h6 14. Bxf6 Nxf6 15. Bc4 b5 16. Bd3 Bb7 17. c4 bxc4 18. Rc1 d5 19. exd5 e4 20. Bxe4 Nxe4 21. Rxc4 Qa5 22. Rcxe4 Rad8 23. Ra4 Qxd5 24. Qxd5 Bxd5 25. b3 Bb7 26. Nc4 Rd3 27. Nce5 Rd5 28. Rd4 Ra5 29. Rd7 Bxf3 30. Nxf3 Rxa2 31. Ra7 1/2-1/2